00909cam a22001931 4500001001300000003000400013005001700017008004100034010002300075035001700098040004000115050005500155110004000210245029300250260004400543300001800587440006300605610004700668pa 61000130 DLC20260227111855.0780328s1961 dcu 00000 eng c apa 61000130 //r853 aocl73719428  aPan American Union. LibrarycWMaUCS0 aF1405.5 1959b.O7 OEA/Ser.I/VI.2, CIJ-59 (English)20aInter-American Juridical Committee.10aOpinion on the scope of the powers of the Council of the Organization of American States.bPrepared in accordance with Resolution of April 21, 1949 of the Council of the Organization of American States and with Resolution III of the first meeting of the Inter-American Council of Jurists.0 aWashington,bPan American Union,c1961. a21 p.c27 cm. 0a[OAS official records] ;vOEA/Ser.I/VI.2, CIJ-59 (English)20aOrganization of American States.bCouncil.